000 00448nam a2200157 i 4500
001 87459
003 ES-MaACL
005 20230906175657.0
007 t|
008 041222s1931 xxu ||||1| eng d
100 1 _aKretschmer, Herman L.
_968818
245 1 0 _aDiseases of the urinary tract in infancy and childhood /
_cHerman L. Kretschmer.
260 _aChicago :
_bSurgrial,
_c1931.
300 _a26 p. ;
_c26 cm.
852 _aES-MaACL
_j1768-F-11
999 _c87459
_d87459